| 000 | 01465pam a2200397 a 4500 | ||
|---|---|---|---|
| 001 | 61303 | ||
| 005 | 20230410103916.0 | ||
| 008 | 980723s1999 nyubj b 001 0 eng | ||
| 035 | _a1669656 | ||
| 925 | 0 |
_aacquire _b2 shelf copies _xpolicy default |
|
| 942 |
_2lcc _cbk |
||
| 035 | _9(DLC) 98014204 | ||
| 010 | _a 98014204 | ||
| 020 | _a0195124340 (cloth : alk. paper) | ||
| 040 |
_aDLC _cDLC _dDLC |
||
| 043 | _aa-vt--- | ||
| 050 | 1 | 4 |
_a438 DS 556.8 _bE46s 1999 |
| 082 | 0 | 0 | _a959.704 |
| 100 | 1 |
_aElliott, Duong Van Mai, _d1941- |
|
| 245 | 1 | 4 |
_aThe sacred willow : _bfour generations in the life of a Vietnamese family / _cDuong Van Mai Elliott. |
| 260 |
_aNew York : _bOxford University Press, _cc1999. |
||
| 300 |
_axvi, 506 p. : _bgeneal. table, maps ; _c24 cm. |
||
| 504 | _aIncludes bibliographical references (p. 475-480) and index. | ||
| 651 | 4 |
_aVietnam _xHistoria _ySiglo 19. |
|
| 651 | 4 |
_aVietnam _xHistoria _ySiglo 20. |
|
| 651 | 0 |
_aVietnam _xHistory _y19th century. |
|
| 651 | 0 |
_aVietnam _xHistory _y20th century. |
|
| 600 | 1 | 0 |
_aElliott, Duong Van Mai, _d1941- _xFamily. |
| 600 | 3 | 0 | _aDuong family. |
| 651 | 0 |
_aVan Dinh (Vietnam) _xGenealogy. |
|
| 651 | 0 |
_aVietnam _xGenealogy. |
|
| 856 | 4 | 2 |
_3Publisher description _uhttp://www.loc.gov/catdir/enhancements/fy0603/98014204-d.html |
| 856 | 4 | 2 |
_3Contributor biographical information _uhttp://www.loc.gov/catdir/enhancements/fy0724/98014204-b.html |
| 946 | _aLspaulino | ||
| 999 |
_c28223 _d28223 |
||